000 00848nam0a2200289 4500
001 RU\NLR\bibl\840220
005 20250614144739.0
010 _a5-94355-247-2
_91000
021 _aRU
_b2005-48899
_92379
035 _a(NLR Aleph) 000829047
090 _a1349047
_c1349047
100 _a20050914d2005 |||y0rusy50 ca
101 0 _arus
102 _aRU
105 _aa |||||||||
200 1 _aУ врат исхода
_eгерои Древнего мира
_fБ. Якубович
210 _aМосква
_cАмрита-Русь
_d2005
215 _a522, [5] c.
_cил.
_d21
686 _aШ6(2=Р)75-442
700 1 _aЯкубович
_bБ.
_gБорис
_4070
801 0 _aRU
_bNLR
_c20050914
_grcr
801 1 _aRU
_bNLR
_c20050914
830 _aавт. по кн.
942 _cBOOK
980 _aNB